Vocabulaire Anglais - Statistiques

Statistiques générales
  • Ce quiz a été pris 84 fois
  • Le résultat moyen est 3 sur 65
Statistiques - réponses
Francais Anglais % Correct
IA artificial intelligence
50%
consommateur consumer
46%
usine factory
43%
efficace efficient
30%
ingénieur engineer
26%
productif productive
13%
précision accuracy
11%
prise de décision decision making
11%
exact accurate
9%
sans défaut flawless
9%
automatisable automatisable
7%
répétitif repetitive
7%
chaine d'approvisionnement supply chain
7%
évoluer to evolve
7%
prévisible predictable
4%
s'adapter à to adapt to
4%
etre en grève to be on strike
4%
etre au chomage to be unemployed
4%
pirater to hack
4%
améliorer to improve
4%
compagnon fellow
2%
technologie de l'information information technology
2%
chomage joblessness
2%
loi de l'offre et de la demande law of supply and demand
2%
bond leap
2%
métier occupation
2%
rentable profitable
2%
recherche et développement research and development
2%
collecter des données to collect data
2%
interagir avec to interact with
2%
supprimer to suppress
2%
menacer to threaten
2%
perdre du temps to waste time
2%
numérisation digitisation
0%
effréné fast paced
0%
réalisable feasible
0%
moins d'erreurs fewer errors
0%
inévitable inescapable
0%
emploi intellectuel intellectual job
0%
emploi à faible responsabilité low-ranking job
0%
travailleur peu qualifié low-skilled worker
0%
couts d'entretien maintenance costs
0%
travail manuel manual job
0%
fabrication manufacturing
0%
commerce de détail retailing
0%
mesure de reconversion retraining measure
0%
24h/24 round the clock
0%
voiture sans chauffeur self driving car
0%
qualifié skilled
0%
vulnérable face à suceptible to
0%
booster la croissance économique to boost economic growth
0%
renvoyer to dismiss
0%
mettre en place to implement
0%
augmenter la production to increase output
0%
joindre les deux bouts to make ends meet
0%
rentabiliser to optimize
0%
réaliser une tache to perform a task
0%
traiter des données to process data
0%
baisser les couts de main d'oeuvre to reduce labour costs
0%
se reconvertir to retrain
0%
mettre en place les étalages to set up merchandise displays
0%
remplacer les activités humaines to take over human activities
0%
changer les procédés to transform processes
0%
se crever à la tache to work one's fingers to the bone
0%
revenue minimum garanti universal basic income
0%
Aucun quiz correspondant
Distribution des résultats
% des personnes avec chaque résultat
Percentile par nombre de réponses
Votre historique - résultats
Vous n’avez pas pris ce quiz